000 01679nam a2200517 i 4500
001 55980
003 KOSZ 005
005 20220318150328.0
008 080514s2007 pl a |001 0 pol
015 _aUWD 2008/12418
020 _a8324601988
020 _a9788324601981
035 _a991042060859705066
035 _a(PL-WaBN)b21260692-48omnis_nlop
035 _ab21260692
035 _a(OCoLC)749589264
035 _a(PL)b0000002126069
035 _a(EXLNZ-48OMNIS_NETWORK)9910495180305606
040 _aWA N
_cWA N
_dKOSZ 005/HR
046 _k2007
080 _a004.42
080 _a004.92
080 _a(07)
100 1 _aBabiuch, Mirosław
_eAutor
245 1 0 _aSolidWorks 2006 w praktyce /
_cMirosław Babiuch.
260 _aGliwice :
_bWydawnictwo Helion,
_ccop. 2007.
300 _a375 s. :
_bil. ;
_c24 cm.
336 _aTekst
_btxt
_2rdacontent
337 _aBez urządzenia pośredniczącego
_bn
_2rdamedia
338 _aWolumin
_bnc
_2rdacarrier
380 _aKsiążki
380 _aPublikacje fachowe
388 _a2001-
500 _aNa s. tyt. i okł.: Poznaj tajniki modelowania 3D w SolidWorks.
504 _aIndeks.
650 7 _aProgramy graficzne
_2DBN
650 7 _aProjektowanie wspomagane komputerowo
_2DBN
650 7 _aSolidWorks (program komputerowy)
_2DBN
655 7 _aPodręcznik
_2DBN
655 7 _aRysunek techniczny
_2DBN
658 _aInformatyka i technologie informacyjne
710 2 _aHelion
_4pbl
856 _uhttp://koha.tu.koszalin.pl/cgi-bin/koha/opac-detail.pl?biblionumber=55980
_yKatalog online BPK
942 _2UKD
_cKS
999 _c55980
_d55980